000 00189 a2200097 4500
020 _a9780842377506
041 _aeng
100 _aRivers, Francine
245 2 _aA voice in the wind
942 _cBK
999 _c264
_d264